Statistics for Football players who have won a league title in at least 4 countries

Click here to take the quiz!

General Stats

  • This quiz has been taken 385 times
    (51 since last reset)
  • The average score is 5 of 22

Answer Stats

CountriesTotal number of titlesAnswer% Correct
Netherlands, Italy, Spain, France14Zlatan Ibrahimović
71%
Chile, Italy, Germany, Spain12Arturo Vidal
44%
Cote d'Ivoire, Greece, Spain, England7Yaya Toure
44%
England, Spain, USA, France10David Beckham
42%
Chile, Argentina, Spain, Italy5Alexis Sanchez
40%
Netherlands, England, Spain, Germany12Arjen Robben
40%
Brazil, Spain, Greece, Uzbekistan9Rivaldo
31%
Netherlands, Spain, Italy, Turkey5Wesley Sneijder
27%
Portugal, Spain, England, Brazil8Deco
25%
Argentina, Brazil, England, Italy11Carlos Tevez
21%
Netherlands, Italy, Spain, France11Maxwell
15%
Netherlands, Spain, Germany, Italy8Mark van Bommel
10%
Portugal, Italy, England, Germany5João Cancelo
8%
Yugoslavia, Netherlands, England, Turkey, Belarus6Mateja Kežman
8%
England, Spain, France, Argentina4Gabriel Heinze
6%
Argentina, Spain, Portugal, Greece5Javier Saviola
6%
Brazil, Spain, Italy, China, Turkey7Robinho
6%
Portugal, Spain, England, Italy6Danilo
4%
Czech Republic, Russia, England, Scotland9Jiři Jarošik
2%
Sweden, Denmark, Norway, Israel7Rade Prica
2%
Argentina, Mexico, Chile, Colombia10Jose Manuel Moreno
0%
Iraq, Saudi Arabia, Qatar, Netherlands5Nashat Akram
0%

Score Distribution

Percentile by Number Answered

Percent of People with Each Score

Your Score History

You have not taken this quiz since the last reset